| 000 | 00713nam a2200205 a 4500 | ||
|---|---|---|---|
| 001 | 000026035 | ||
| 005 | 20200930024240.0 | ||
| 008 | 110217s1975 sp r 000 | spa d | ||
| 040 |
_aDO-SdBNP _bspa _cBNPHU |
||
| 082 |
_aNNN _bM379c, 1975 |
||
| 100 | 1 |
_aMartín Vivaldi, Gonzalo , _952968 |
|
| 245 | 1 | 0 |
_aCurso de redacción : _bteoría y práctica de la composición y del estilo / _cGonzalo Martín Vivaldi; edición Juan Alberto Alvarez. |
| 250 | _a7a ed. | ||
| 260 |
_aLa Habana : _bPueblo y Educación, _c1975. |
||
| 300 |
_a502 p. ; _c21 cm. |
||
| 490 | 1 | _aDel Pensamiento a la Palabra | |
| 700 | 1 |
_aAlvarez , Juan Alberto , _eed. _952969 |
|
| 830 | 0 |
_aDel Pensamiento a la Palabra _952970 |
|
| 049 | _aBNGR | ||
| 999 |
_c25527 _d25527 |
||